000 00955nam a2200301 a 4500
001 25079
003 CO-ViMGA
008 141112s2004 ck r 000 u spa d
015 _ack - 2009 - xxxx
020 _a9789583031786
040 _aCO-ViMGA
_bspa
_cCO-ViMGA
041 _aspa
043 _an - us - - -
045 _ax - x -
082 0 4 _a823.5 V49r
245 1 0 _aRatón de campo, ratón de ciudad /
_c[traducción del inglés Sandra Paola Vizcaya Soto]
250 _a1a. ed.
260 _aBogotá :
_bPanAméricana,
_c2009
300 _a18 p. : il. ; 20 cm.
490 _aHistorias clásicas
598 _aNEW - GRAL, NEW
650 1 4 _aAnimales - Cuentos infantiles
_920047
650 1 4 _aCuentos infantiles estadounidenses - Siglo XX
_930854
700 1 _aVizcaya Soto, Sandra Paola, tr.
_938206
917 _a2009 - 6811 2 ejemplares
942 _2ddc
_cBK
990 _a2009 - 6811 PanAméricana 2 ejemplares 21 29092009 a692723
999 _c32713
_d32713